000 01561nam a2200385 a 4500
001 ebr10060495
003 CaPaEBR
006 m u
007 cr cn|||||||||
008 970501s1997 nyua sb 001 0 eng
010 _z 97020368
020 _z0306455323
040 _aCaPaEBR
_cCaPaEBR
035 _a(OCoLC)231581887
050 1 4 _aHQ76.25
_b.S65 1997eb
082 0 4 _a306.76/6
_221
245 0 0 _aSociolegal control of homosexuality
_h[electronic resource] :
_ba multi-nation comparison /
_cedited by Donald J. West and Richard Green.
260 _aNew York :
_bPlenum Press,
_cc1997.
300 _axviii, 354 p. :
_bill.
490 1 _aPerspectives in sexuality
504 _aIncludes bibliographical references and index.
533 _aElectronic reproduction.
_bPalo Alto, Calif. :
_cebrary,
_d2013.
_nAvailable via World Wide Web.
_nAccess may be limited to ebrary affiliated libraries.
650 0 _aHomosexuality
_vCross-cultural studies.
650 0 _aHomosexuality
_xLaw and legislation
_vCross-cultural studies.
650 0 _aGay men
_xLegal status, laws, etc.
650 0 _aGay men
_xMental health.
650 0 _aLesbians
_xLegal status, laws, etc.
650 0 _aLesbians
_xMental health.
655 7 _aElectronic books.
_2local
700 1 _aWest, D. J.
_q(Donald James),
_d1924-
700 1 _aGreen, Richard,
_d1936-
710 2 _aebrary, Inc.
830 0 _aPerspectives in sexuality.
856 4 0 _uhttp://site.ebrary.com/lib/rucke/Doc?id=10060495
_zAn electronic book accessible through the World Wide Web; click to view
999 _c46013
_d46013